Committee of Parliament on Official Language: report (Record no. 489470)
[ view plain ]
| 000 -LEADER | |
|---|---|
| fixed length control field | 00534cam a22001337a 4500 |
| 008 - FIXED-LENGTH DATA ELEMENTS--GENERAL INFORMATION | |
| fixed length control field | 180718b-- xxu||||| |||| 00| 0 eng d |
| 082 ## - DEWEY DECIMAL CLASSIFICATION NUMBER | |
| Classification number | P4121x54 In2r |
| 100 ## - MAIN ENTRY--PERSONAL NAME | |
| Personal name | India. Committee of Parliament on Official Language |
| 245 ## - TITLE STATEMENT | |
| Title | Committee of Parliament on Official Language: report |
| 260 ## - PUBLICATION, DISTRIBUTION, ETC. | |
| Place of publication, distribution, etc. | New Delhi |
| Name of publisher, distributor, etc. | The author |
| Date of publication, distribution, etc. | -- |
| 300 ## - PHYSICAL DESCRIPTION | |
| Extent | 4 Parts |
| 500 ## - GENERAL NOTE | |
| General note | Library has Pt. 1. 1986. 299+p; Pt. 2. 1987. 144+p; Pt. 3. Chapter 16 to 18 and annexures. 1989; Pt. 4. (Chapters 104 and annexures). 1989 |
| 700 ## - ADDED ENTRY--PERSONAL NAME | |
| Personal name | Singh, Buta (Chairman) |
| Withdrawn status | Lost status | Damaged status | Not for loan | Permanent Location | Current Location | Date acquired | Full call number | Barcode | Date last seen | Price effective from | Koha item type |
|---|---|---|---|---|---|---|---|---|---|---|---|
| Indian Institute of Public Administration | Indian Institute of Public Administration | 2018-08-04 | P4121x54 In2r | G18571 | 2018-08-04 | 2018-08-04 | G | ||||
| Indian Institute of Public Administration | Indian Institute of Public Administration | 2018-08-04 | P4121x54 In2r | G18570 | 2018-08-04 | 2018-08-04 | G | ||||
| Indian Institute of Public Administration | Indian Institute of Public Administration | 2018-08-04 | P4121x54 In2r | G18569 | 2018-08-04 | 2018-08-04 | G | ||||
| Indian Institute of Public Administration | Indian Institute of Public Administration | 2018-08-04 | P4121x54 In2r | G18568 | 2018-08-04 | 2018-08-04 | G |
